| 000 | 00407nam a22001697a 4500 | ||
|---|---|---|---|
| 005 | 20160614154400.0 | ||
| 008 | 160614b xxu||||| |||| 00| 0 eng d | ||
| 020 | _a978-81-7829-270-0 | ||
| 041 | _aeng | ||
| 082 | _b7561 | ||
| 100 |
_aVenkata Raman, C.S. _91922 |
||
| 245 | _aNegotiated Change | ||
| 260 |
_aNew Delhi _bResponse Books, _c2003 |
||
| 300 | _a347 | ||
| 650 |
_aManagement _9241 |
||
| 942 | _cBK | ||
| 999 |
_c2701 _d2700 |
||